Ėkonomicheskoe protivoborstvo v voĭne /

Bibliographic Details
Main Author: Bartenev, S. A. (Sergeĭ Aleksandrovich)
Format: Book
Language:Russian
Published: Moskva : Voen. izd-vo, 1986.
Subjects:

MARC

Tag First Indicator Second Indicator Subfields
LEADER 00000cam a2200000 a 4500
001 in00001542313
005 20151022061220.0
008 870925s1986 ru b 000 0 ruso
010 |a  85238821  
020 |c 0.75rub 
035 |a (OCoLC)ocm16722786 
040 |a DLC  |c DLC  |d TXA  |d UtOrBLW 
049 |a TXAM 
050 0 0 |a HC110.D4  |b B37 1986 
100 1 |a Bartenev, S. A.  |q (Sergeĭ Aleksandrovich) 
245 1 0 |a Ėkonomicheskoe protivoborstvo v voĭne /  |c S.A. Bartenev. 
264 1 |a Moskva :  |b Voen. izd-vo,  |c 1986. 
300 |a 175 pages ;  |c 20 cm. 
336 |a text  |b txt  |2 rdacontent 
337 |a unmediated  |b n  |2 rdamedia 
338 |a volume  |b nc  |2 rdacarrier 
504 |a Includes bibliographical references. 
650 0 |a War  |x Economic aspects. 
650 0 |a Military readiness  |x Economic aspects. 
948 |a cataloged  |b h  |c 2000/7/6  |d c  |e mhill  |f 10:36:12 am 
994 |a E0  |b TXA 
999 |a MARS 
999 f f |s 3c5cdc24-2af9-39cb-aedd-dd8c6af682d2  |i 3fd6ce6d-7fb2-3e28-847a-d82335ff3f9f  |t 0 
952 f f |p ric  |a Texas A&M University  |b Rellis Campus  |c Joint Library Facility  |d Remote Storage  |t 0  |e HC110.D4 B37 1986  |h Library of Congress classification  |i unmediated -- volume  |m A14826090232 
998 f f |a HC110.D4 B37 1986  |t 0  |l Remote Storage